<?xml version="1.0" encoding="UTF-8"?>
<record
    xmlns:xsi="http://www.w3.org/2001/XMLSchema-instance"
    xsi:schemaLocation="http://www.loc.gov/MARC21/slim http://www.loc.gov/standards/marcxml/schema/MARC21slim.xsd"
    xmlns="http://www.loc.gov/MARC21/slim">

  <leader>01396nam a2200301 i 4500</leader>
  <controlfield tag="001">189249</controlfield>
  <controlfield tag="003">SpMaBN</controlfield>
  <controlfield tag="005">20251014063306.0</controlfield>
  <controlfield tag="008">190430s2017    sp a     c   |||| |dspa d</controlfield>
  <datafield tag="020" ind1=" " ind2=" ">
    <subfield code="a">978-84-16978-23-6</subfield>
  </datafield>
  <datafield tag="080" ind1=" " ind2=" ">
    <subfield code="a">74 Max (083.824)</subfield>
  </datafield>
  <datafield tag="080" ind1=" " ind2=" ">
    <subfield code="a">741.52</subfield>
  </datafield>
  <datafield tag="100" ind1="0" ind2=" ">
    <subfield code="a">Max, </subfield>
    <subfield code="d">1956-</subfield>
    <subfield code="9">166945</subfield>
  </datafield>
  <datafield tag="245" ind1="1" ind2="4">
    <subfield code="a">Las aventuras de Guillermo &amp; Miguel y otros trampantojos literarios</subfield>
    <subfield code="b">: [Sala de Exposiciones de San Jos&#xE9; de los Caracciolos, Universidad de Alcal&#xE1;, 20 abril-14 julio, 2017] / </subfield>
    <subfield code="c">Max ; [coordinaci&#xF3;n de exposici&#xF3;n, Jes&#xFA;s Ca&#xF1;ete Ochoa ; textos, Manuel Rodr&#xED;guez Rivero, Antonio Fern&#xE1;ndez Ferrer].</subfield>
  </datafield>
  <datafield tag="246" ind1="3" ind2="3">
    <subfield code="a">Las aventuras de Guillermo y Miguel y otros trampantojos literarios</subfield>
  </datafield>
  <datafield tag="260" ind1=" " ind2=" ">
    <subfield code="a">[Alcal&#xE1; de Henares] : </subfield>
    <subfield code="b">Universidad de Alcal&#xE1;, </subfield>
    <subfield code="c">[2017]</subfield>
  </datafield>
  <datafield tag="300" ind1=" " ind2=" ">
    <subfield code="a">94 p. : </subfield>
    <subfield code="b">il. col. ; </subfield>
    <subfield code="c">19 x 27.</subfield>
  </datafield>
  <datafield tag="600" ind1="0" ind2="7">
    <subfield code="a">Max, </subfield>
    <subfield code="d">1956- </subfield>
    <subfield code="v">Exposiciones</subfield>
    <subfield code="2"></subfield>
    <subfield code="9">166946</subfield>
  </datafield>
  <datafield tag="650" ind1=" " ind2="7">
    <subfield code="a">C&#xF3;mics-</subfield>
    <subfield code="v">Exposiciones</subfield>
    <subfield code="2"></subfield>
    <subfield code="9">166947</subfield>
  </datafield>
  <datafield tag="655" ind1=" " ind2="7">
    <subfield code="2">tgfbne</subfield>
    <subfield code="9">193628</subfield>
    <subfield code="a">Cat&#xE1;logos de exposiciones</subfield>
  </datafield>
  <datafield tag="700" ind1="1" ind2=" ">
    <subfield code="a">Ca&#xF1;ete Ochoa, Jes&#xFA;s, </subfield>
    <subfield code="d">1967-</subfield>
    <subfield code="9">157453</subfield>
  </datafield>
  <datafield tag="700" ind1="1" ind2=" ">
    <subfield code="a">Rodr&#xED;guez Rivero, Manuel.</subfield>
    <subfield code="9">140886</subfield>
  </datafield>
  <datafield tag="700" ind1="1" ind2=" ">
    <subfield code="a">Fern&#xE1;ndez Ferrer, Antonio, </subfield>
    <subfield code="d">1952-</subfield>
    <subfield code="9">166948</subfield>
  </datafield>
  <datafield tag="710" ind1="2" ind2=" ">
    <subfield code="a">Universidad de Alcal&#xE1; de Henares.</subfield>
    <subfield code="9">7135</subfield>
  </datafield>
  <datafield tag="852" ind1=" " ind2=" ">
    <subfield code="a">ES-MaACL</subfield>
    <subfield code="j">A-14539</subfield>
    <subfield code="9">196387</subfield>
    <subfield code="b">R.152114</subfield>
    <subfield code="c">DEPO1</subfield>
    <subfield code="d">Olim: N-7539 </subfield>
    <subfield code="h">Donacion: Editorial</subfield>
    <subfield code="x"> Encuadernaci&#xF3;n en carton&#xE9;</subfield>
  </datafield>
  <datafield tag="942" ind1=" " ind2=" ">
    <subfield code="2">udc</subfield>
  </datafield>
  <datafield tag="999" ind1=" " ind2=" ">
    <subfield code="c">189249</subfield>
    <subfield code="d">189249</subfield>
  </datafield>
  <datafield tag="952" ind1=" " ind2=" ">
    <subfield code="0">0</subfield>
    <subfield code="1">0</subfield>
    <subfield code="2">udc</subfield>
    <subfield code="4">0</subfield>
    <subfield code="7">0</subfield>
    <subfield code="a">ATENEOM</subfield>
    <subfield code="b">ATENEOM</subfield>
    <subfield code="c">DEPO1</subfield>
    <subfield code="d">2019-04-30</subfield>
    <subfield code="e">DONACION</subfield>
    <subfield code="l">0</subfield>
    <subfield code="o">A-14539</subfield>
    <subfield code="p">1200460</subfield>
    <subfield code="r">2023-02-23 00:00:00</subfield>
    <subfield code="w">2023-02-23</subfield>
    <subfield code="y">MONOGRAFIA</subfield>
  </datafield>
</record>
